| 000 | 00922nam a2200277Ia 4500 | ||
|---|---|---|---|
| 003 | IN-BaIIA | ||
| 008 | 211028s9999 xx s 000 0 eng d | ||
| 020 | _a978-3-642-10588-3 (Print) | ||
| 020 | _a978-3-642-10589-0 (Online) | ||
| 022 | _a0171-1873 (Print) | ||
| 022 | _a2197-4179 (Online) | ||
| 040 | _cIIA Library | ||
| 100 |
_aLacroix, Claudine _938979 |
||
| 245 | 0 |
_aIntroduction to Frustrated Magnetism _h[eBook] |
|
| 260 |
_aHeidelberg, Berlin _bSpringer Berlin Heidelberg _c2011 |
||
| 300 | _aOnline resource | ||
| 490 | _aSpringer Series in Solid-State Sciences | ||
| 650 |
_a Engineering, general _938570 |
||
| 650 |
_a Magnetism, Magnetic Materials _938435 |
||
| 650 | _a Structural Materials | ||
| 650 |
_aPhysics _973 |
||
| 700 |
_aMendels, Philippe _938980 |
||
| 700 |
_aMila, Frederic _938981 |
||
| 856 |
_uhttp://doi.org/10.1007/978-3-642-10589-0 _yClick Here to Access eBook |
||
| 942 | _cEB | ||
| 999 |
_c21021 _d21021 |
||